=LDR 00000nam 2200000 4500 =001 INLIS000000000033123 =990 ##$$a 20613204 =005 20230417102257 =990 ##$$a 21004106 =035 ##$$a 0010-061300000033123 =990 ##$$a 51300003 =008 230417################g##########0#ind## =990 ##$$a 21004103 =041 ##$$a ind =990 ##$$a 21004104 =082 ##$$a 658.403 =090 ##$$a 658.403, Pra b =100 ##$$a Dermawan, Rizky =245 1#$$a Pengambilan Keputusan : $b Landasan Filosofis, Konsep dan Aplikasi /$c Rizky Dermawan, SE., MM. =260 ##$$a Bandung :$b Alfabeta,$c 2006 =300 ##$$a xiv,230 hlm., ; $c 15 x 24 cm =650 #4$$a Keputusan Pengambilan =850 ##$$a NBPNMAT =020 ##$$a 979-8433-15-X =084 ##$$a 658.403 DER p =250 ##$$a Cet. 1 =504 ##$$a Bibliografi : hlm, 227-229 =990 ##$$a 21004106 =990 ##$$a 20613204 =990 ##$$a 51300003 =990 ##$$a 21004103 =990 ##$$a 21004104 =990 ##$$a 51300003 =990 ##$$a 21004106 =990 ##$$a 20613204 =990 ##$$a 21004103 =990 ##$$a 21004104